000 01443cam a2200373Mi 4500
001 84959
005 20230411090043.0
008 040723s2003 xxu 000 0 eng d
035 _a(OCoLC)ocn469989427
040 _aBDF
_bfre
_cBDF
016 7 _aFRBNF392160370000006
_2FrPBN
020 _a080782769X (rel)
020 _a9780807827697 (rel)
029 1 _aZWZ
_b07507155X
035 _a(OCoLC)469989427
082 1 _a305.800 98
_222
049 _aGRAL
245 0 0 _aRace & nation in modern Latin America /
_ced. by Nancy P. Appelbaum, Anne S. Macpherson, and Karin Alejandra Rosemblatt.
246 2 3 _aRace and nation in modern Latin America
260 _aChapel Hill [N. C.] :
_bUniversity of North Carolina press,
_ccop. 2003.
300 _aXVI-329 p. ;
_c25 cm.
500 _aBibliogr. p. 283-305. Index.
650 7 _aDiscrimination raciale
_zAmâerique latine
_y19e siáecle.
_2ram
650 7 _aDiscrimination raciale
_zAmâerique latine
_y20e siáecle.
_2ram
651 7 _aAmâerique latine
_xRelations interethniques
_xHistoire.
_2ram
700 1 _aAppelbaum, Nancy P.,
_d1966-....
_4edt
700 1 _aMacPherson, Anne S.
_4edt
700 1 _aRosemblatt, Karin Alejandra.
_4edt
856 4 2 _3Notice et cote du catalogue de la Bibliotháeque nationale de France
_uhttp://catalogue.bnf.fr/ark:/12148/cb39216037z
886 1 _2intermrc
_a009
_ba------------------
942 _2lcc
_cbk
994 _aC0
_bDRFGD
946 _aweb
999 _c111657
_d111657